Novela zákona o plate

Novelizácia zákona č. 143/1992 Zb. o plate a odmene za pracovnú pohotovosť v rozpočtových a v niektorých ďalších organizáciách a orgánoch z roku 1995. Vysvetlenie zákona. Účinnosť zákona od 1.1.1996.

Salvato in:
Dettagli Bibliografici
Autore principale: Ješinová, Rozália
Altri autori: Seidlerová, Anna
Natura: Capitolo di libro
Lingua:slovacco
Soggetti:
Tags: Aggiungi Tag
Nessun Tag, puoi essere il primo ad aggiungerne!!

MARC

LEADER 00000naa a2200000 4500
001 r019412
005 20230424120031.7
041 0 |a slo 
044 |a SK 
245 1 0 |a Novela zákona o plate  |c Rozália Ješinová, Anna Seidlerová 
520 |a Novelizácia zákona č. 143/1992 Zb. o plate a odmene za pracovnú pohotovosť v rozpočtových a v niektorých ďalších organizáciách a orgánoch z roku 1995. Vysvetlenie zákona. Účinnosť zákona od 1.1.1996. 
610 2 0 |a platy 
610 2 0 |a odmeny 
610 2 0 |a zákony 
610 2 0 |a novelizácia 
610 2 0 |a Slovensko 
610 2 0 |a 1995 
610 2 0 |a 1992 
100 1 |a Ješinová, Rozália 
700 1 |a Seidlerová, Anna